000 00753nam a22002177a 4500
003 OSt
005 20260216105111.0
008 160222b xxu||||| |||| 00| 0 eng d
020 _a05-738-2008-1
024 _205-738-2008-1
040 _cLahore University of Management Sciences
082 _a174.4 LUM 2008
100 _aShezeen Hemani
_9133216
245 _aHUMAN RESOURCE MANAGEMENT AT OCEATIC AIRWAYS
_cShezeen Hemani
260 _aLahore
_bLahore University of Management Sciences
_c2008
300 _a26 p.
_bPapers
440 _aHUMAN RESOURCE MANAGEMENT AT OCEATIC AIRWAYS
_9133217
590 _6http://10.250.8.41:8080/xmlui/handle/123456789/56774
856 _uhttp://10.250.8.41:8080/xmlui/handle/123456789/56774
942 _2ddc
_cCS
999 _c351189
_d351189